000
00241nam a2200097Ia 4500
001
653811
005
20250826154505.0
008
250824s9999 xx 000 0 und d
245
0
_a
HIZLI TOSBİ
_c
İSMET BERTAN
260
_b
GÜNIŞIĞI YAYINLARI
999
_c
653811
_d
653811